Integrated converters : D to A and A to D architectures, analysis and simulation (Record no. 11038)

000 -LEADER
fixed length control field 00477 a2200157 4500
020 ## - INTERNATIONAL STANDARD BOOK NUMBER
International Standard Book Number 9780198564461
082 ## - DEWEY DECIMAL CLASSIFICATION NUMBER
Classification number 621.38159
090 ## - LOCALLY ASSIGNED LC-TYPE CALL NUMBER (OCLC); LOCAL CALL NUMBER (RLIN)
-- 7235
-- 7235
100 ## - MAIN ENTRY--PERSONAL NAME
Personal name Jespers, Paul G.
245 ## - TITLE STATEMENT
Title Integrated converters : D to A and A to D architectures, analysis and simulation
Statement of responsibility, etc. Paul G. Jespers
260 ## - PUBLICATION, DISTRIBUTION, ETC.
Place of publication, distribution, etc. New York
Name of publisher, distributor, etc. Oxford University Press
Date of publication, distribution, etc. 2001
300 ## - PHYSICAL DESCRIPTION
Extent 259 p.
650 ## - SUBJECT ADDED ENTRY--TOPICAL TERM
Topical term or geographic name entry element Digital-to-analog converters
700 ## - ADDED ENTRY--PERSONAL NAME
Personal name Paul G. Jespers
942 ## - ADDED ENTRY ELEMENTS (KOHA)
Koha item type Book
Call number prefix 621.38159 JES
Holdings
Withdrawn status Lost status Damaged status Not for loan Collection code Permanent Location Current Location Shelving location Date acquired Source of acquisition Cost, normal purchase price Total Checkouts Full call number Barcode Date last seen Price effective from Koha item type
          Central Library (CL) Central Library (CL) General Stacks 07/20/2012 Progressive International Agencies 5729.11   621.38159 JES SEECS011456 11/14/2012 01/05/2017 Book
          Central Library (CL) Central Library (CL) General Stacks 07/20/2012 Progressive International Agencies 5729.11   621.38159 JES SEECS011455 11/14/2012 01/05/2017 Book
© 2023 Central Library, National University of Sciences and Technology. All Rights Reserved.